000 00649nam a2200241Ia 4500
003 OSt
005 20220918205022.0
006 a|||||r|||| 00| 0
007 ta
008 220917b |||||||| |||| 00| 0 eng d
024 _a115,064
037 _cTextual
040 _aARTS
_cARTS
_beng
041 _2eng
_aeng
082 _aV58:51.N21-N17, M3
100 _aGetzler I
_9113541
245 0 _aKronstadt 1917-21
_b the fate of a soviet Democracy
260 _aCambridge
_bUniv
_c1983
300 _axii, 296p.
_ccm.
650 _aHISTORY
942 _hV58:51.N21-N17, M3
_cTEXL
_2CC
999 _c238394
_d238394